000 00530nam a2200193Ia 4500
005 20250326142852.0
008 250326s9999 xx 000 0 und d
020 _a0-19-829622-3
037 _aTextbook
040 _aFMSL
_beng
_cFMSL
041 _aeng
_2eng
084 _aX:8 N9
_qFMSL
100 _aJones Alan Burton
_9746775
245 0 _aKnowledge capitalism
_cJones Alan Burton
260 _aOxford
_bOxford, Oxford University
_c1999
300 _axiv,248
942 _cTB
_hX:8 N9
999 _c1297026
_d1297026